| 000 | 01108nam a2200289 i 4500 | ||
|---|---|---|---|
| 001 | 27121 | ||
| 003 | ES-MaACL | ||
| 005 | 20250605063104.0 | ||
| 007 | t| | ||
| 008 | 030113s1982 sp ||||1| spa d | ||
| 017 | _aM 8471-1982 | ||
| 020 | _a8450052661 | ||
| 040 | _cES-MaACL | ||
| 110 | 0 | 0 |
_aMadrid. _bOficina Municipal del Plan de Ordenación Urbana _95628 |
| 245 | 1 | 0 |
_aConocer Madrid / _cOficina Municipal de Madrid del Plan del Ayuntamiento de Madrid ; [redacción: Equipo "Viajar", Mercedes Reig, Manuel Rodríguez, Mercedes Sánchez-Rau, Alfredo Taberna, MaríaUnceta]. |
| 260 |
_a[S.l. : _bs.n., _c1982] ( _eMadrid : _fArtes Gráficas Mateu) |
||
| 300 |
_a112 p. : _bil. ; _c21 cm. |
||
| 700 | 0 |
_aReig, Mercedes _995995 _eaut |
|
| 700 | 0 |
_aSánchez-Rau, Mercedes _eaut _9240789 |
|
| 700 | 0 |
_aUnceta, María _eaut _9240790 |
|
| 700 | 1 |
_aTierno Galván, Enrique, _eaui _9110235 _d1918-1986 |
|
| 710 | 0 |
_aEquipo "Viajar" _93502 |
|
| 852 |
_aES-MaACL _jL-3898 _cDEPO2 _xEncuadernación rústica |
||
| 942 |
_cMONOGRAFIA _n0 |
||
| 999 |
_c27121 _d27121 |
||